|
|
|
|
| LEADER |
00000nab a2200000 a 4500 |
| 001 |
vtls000810953 |
| 003 |
SK-MaSNL |
| 005 |
20260318125007.0 |
| 008 |
240612c2001 xo 0 sla |
| 015 |
|
|
|a SNBRA2002/10-32716
|
| 035 |
|
|
|a CLN000162608
|
| 040 |
|
|
|a SNKBUCL
|b slo
|c SNKBUCL
|e AACR2
|
| 041 |
0 |
|
|a sla
|a rue
|
| 044 |
|
|
|a xo
|c SK
|
| 080 |
|
|
|a 281.94(437.6):264-031
|2 UDC-MRF-SK2
|
| 080 |
|
|
|a 264-031(437.6)
|2 UDC-MRF-SK2
|
| 100 |
1 |
|
|a Popovič, Mychal,
|d 1936-
|4 aut
|9 1264882
|
| 245 |
1 |
0 |
|a Litmanova - novyj putnyc'kyj center Rusyniv
|c Mychal Popovič
|
| 300 |
|
|
|b Fotogr.
|
| 610 |
2 |
7 |
|a Gréckokatolícka cirkev
|2 snkbucl
|9 32576
|
| 650 |
0 |
7 |
|a mariánske zjavenia
|2 SNKPH
|9 68936
|
| 650 |
0 |
7 |
|a pútnické miesta
|2 SNKPH
|9 3031
|
| 651 |
|
7 |
|a Litmanová (Slovensko)
|2 SNKPHgeo
|9 55694
|
| 773 |
0 |
|
|t Rusyn'skyj narodnyj kalendar' na rik 2002
|d Prjašiv : Rusyn'ska obroda, 2001
|g S. 104-105
|z 80888769299
|
| 850 |
|
|
|a Slovenská národná knižnica v Martine
|
| 852 |
|
|
|a SNK
|b KIS3GCP
|
| 958 |
|
|
|a RN
|
| 958 |
|
|
|a NT
|
| 999 |
|
|
|c 2263949
|d 2265879
|